<?xml version="1.0" encoding="UTF-8"?><?xml-stylesheet type="text/xsl" href="static/style.xsl"?><OAI-PMH xmlns="http://www.openarchives.org/OAI/2.0/" xmlns:xsi="http://www.w3.org/2001/XMLSchema-instance" xsi:schemaLocation="http://www.openarchives.org/OAI/2.0/ http://www.openarchives.org/OAI/2.0/OAI-PMH.xsd"><responseDate>2026-06-02T11:14:54Z</responseDate><request verb="GetRecord" identifier="oai:riuma.uma.es:10630/36466" metadataPrefix="marc">https://riuma.uma.es/rest/oai/request</request><GetRecord><record><header><identifier>oai:riuma.uma.es:10630/36466</identifier><datestamp>2026-02-03T10:53:11Z</datestamp><setSpec>com_10630_2254</setSpec><setSpec>col_10630_37953</setSpec></header><metadata><record xmlns="http://www.loc.gov/MARC21/slim" xmlns:dcterms="http://purl.org/dc/terms/" xmlns:doc="http://www.lyncode.com/xoai" xmlns:xsi="http://www.w3.org/2001/XMLSchema-instance" xsi:schemaLocation="http://www.loc.gov/MARC21/slim http://www.loc.gov/standards/marcxml/schema/MARC21slim.xsd">
   <leader>00925njm 22002777a 4500</leader>
   <datafield ind2=" " ind1=" " tag="042">
      <subfield code="a">dc</subfield>
   </datafield>
   <datafield ind2=" " ind1=" " tag="720">
      <subfield code="a">Carrique-Fernández, Félix</subfield>
      <subfield code="e">author</subfield>
   </datafield>
   <datafield ind2=" " ind1=" " tag="720">
      <subfield code="a">Ruiz-Reina, Emilio</subfield>
      <subfield code="e">author</subfield>
   </datafield>
   <datafield ind2=" " ind1=" " tag="720">
      <subfield code="a">Arroyo Roldán, Francisco José</subfield>
      <subfield code="e">author</subfield>
   </datafield>
   <datafield ind2=" " ind1=" " tag="720">
      <subfield code="a">Delgado Mora, Ángel Vicente</subfield>
      <subfield code="e">author</subfield>
   </datafield>
   <datafield ind2=" " ind1=" " tag="260">
      <subfield code="c">2020</subfield>
   </datafield>
   <datafield ind2=" " ind1=" " tag="520">
      <subfield code="a">Electrokinetics is an important tool for the characterization of colloids because of its sensitivity to the electrical properties of particle-solution interfaces. Its rigorous description may require inclusion of the effects of finite size of chemical species in the theoretical models, and, particularly in the case of salt-free (no external salt added) aqueous colloids, also consideration of water dissociation and possible carbon dioxide contamination in the aqueous solution. A new ac electrokinetic model is presented for concentrated salt-free spherical colloids for arbitrary characteristics of the particles and aqueous solution, including finite size effects of chemical species by appropriate modifications of the chemical reaction equations to include such non-ideal aspects. The numerical solution of the electrokinetic equations in an alternating electric field has also been carried out by using a realistic non-equilibrium scenario accounting for association-dissociation processes in the chemical reactions. The results demonstrate the importance of including finite size effects in the electrokinetic response of the colloid, mainly at high frequencies of the electric field, and for highly charged colloids. Findings of previous models for point-like ions or for ideal salt-free colloids including finite ion size effects are recovered with the present model, for the appropriate limiting conditions.</subfield>
   </datafield>
   <datafield ind1="8" ind2=" " tag="024">
      <subfield code="a">Phys. Rev. E 102, 032614 (2020)</subfield>
   </datafield>
   <datafield ind1="8" ind2=" " tag="024">
      <subfield code="a">https://hdl.handle.net/10630/36466</subfield>
   </datafield>
   <datafield ind1="8" ind2=" " tag="024">
      <subfield code="a">https://doi.org/10.1103/PhysRevE.102.032614</subfield>
   </datafield>
   <datafield ind2="0" ind1="0" tag="245">
      <subfield code="a">Influence of ion size effects on the electrokinetics of aqueous salt-free colloids in alternating electric fields</subfield>
   </datafield>
</record>
</metadata></record></GetRecord></OAI-PMH>